000
00253nam a2200097Ia 4500
001
687333
005
20250826161553.0
008
250824s9999 xx 000 0 und d
245
0
_a
DÜNYA BÜYÜLÜ BİR YER
_c
DAVİD ALMOND
260
_b
GÜNIŞIĞI YAYINLARI
999
_c
687333
_d
687333